[Event "Portoroz op 12th"]
[Site "Portoroz"]
[Date "2018.07.14"]
[Round "1"]
[White "Timagin, Piotr"]
[Black "Gregoric, Andraz"]
[Result "1-0"]
[WhiteElo "2329"]
[BlackElo "1760"]
[PlyCount "57"]
[EventDate "2018.07.14"]
[EventType "swiss"]
[EventRounds "9"]
[EventCountry "SVK"]
[SourceTitle "EXT 2019"]
[Source "ChessBase"]
[SourceDate "2018.10.10"]
[SourceVersion "1"]
[SourceVersionDate "2018.10.10"]
[SourceQuality "1"]

1. g3 c5 2. Bg2 d5 3. Nf3 Nf6 4. 0-0 Nc6 5. d3 g6 6. Nc3 Bg7 7. Bf4 0-0 8. Ne5 Nh5 9. Nxc6 bxc6 10. Bd2 Rb8 11. Qc1 f5 12. Na4 Qd6 13. c4 d4 14. a3 f4 15. b4 Bg4 16. Nxc5 fxg3 17. fxg3 Bxe2 18. Rxf8+ Rxf8 19. Qe1 Bf3 20. Qe6+ Qxe6 21. Nxe6 Bxg2 22. Kxg2 Rf6 23. Re1 Kf7 24. Ng5+ Ke8 25. Nxh7 Rd6 26. Ng5 Bh6 27. Ne4 Bxd2 28. Nxd6+ Kd7 29. Rd1 1-0

[Event "SLO-chT2 West"]
[Site "Komenda"]
[Date "2017.11.25"]
[Round "6.1"]
[White "Timagin, Piotr"]
[Black "Luzar, Emil"]
[Result "1-0"]
[WhiteElo "2322"]
[BlackElo "2141"]
[PlyCount "63"]
[EventDate "2017.11.11"]
[EventType "team-tourn"]
[EventRounds "7"]
[EventCountry "SLO"]
[SourceTitle "EXT 2019"]
[Source "ChessBase"]
[SourceDate "2018.10.10"]
[SourceVersion "1"]
[SourceVersionDate "2018.10.10"]
[SourceQuality "1"]
[WhiteTeam "Ljubljana Duol II"]
[BlackTeam "Dolenjske Toplice"]
[WhiteTeamCountry "SLO"]
[BlackTeamCountry "SLO"]

1. e4 c5 2. Nc3 Nc6 3. Nf3 g6 4. d4 cxd4 5. Nxd4 Bg7 6. Nb3 d6 7. Be2 Nf6 8. 0-0 0-0 9. Bg5 a5 10. a4 Be6 11. f4 Qc8 12. Bf3 Bg4 13. Kh1 Re8 14. Qd2 Nb4 15. Rad1 Qc4 16. Nd4 Bxf3 17. Rxf3 e5 18. Ndb5 Nxe4 19. Nxe4 Qxe4 20. Nxd6 Qc6 21. Nxe8 e4 22. Nxg7 exf3 23. Bh6 fxg2+ 24. Qxg2 Qxc2 25. Qxc2 Nxc2 26. f5 f6 27. Kg2 Rc8 28. Rd7 g5 29. Nh5 Rc6 30. Kf3 Ne1+ 31. Ke4 Ng2 32. Rg7+ 1-0

[Event "Pardubice op rapid 28th"]
[Site "Pardubice"]
[Date "2017.07.20"]
[Round "7"]
[White "Sundararajan, Kidambi"]
[Black "Timagin, Piotr"]
[Result "1-0"]
[WhiteElo "2444"]
[BlackElo "2322"]
[PlyCount "141"]
[EventDate "2017.07.19"]
[EventType "swiss (rapid)"]
[EventRounds "9"]
[EventCountry "CZE"]
[SourceTitle "CBM 179 Extra"]
[Source "ChessBase"]
[SourceDate "2017.08.23"]
[SourceVersion "1"]
[SourceVersionDate "2017.08.23"]
[SourceQuality "1"]

1. d4 g6 2. e4 Bg7 3. c3 d6 4. Nf3 Nf6 5. Bd3 0-0 6. 0-0 c6 7. Bg5 Qc7 8. Nbd2 a6 9. Re1 e5 10. dxe5 dxe5 11. Qc2 Nbd7 12. Bf1 h6 13. Bh4 Nc5 14. b4 Ne6 15. Nc4 g5 16. Bg3 Nd7 17. Ne3 Nf4 18. Nf5 Nb6 19. Nxg7 Kxg7 20. a4 Be6 21. c4 Rad8 22. c5 Nd7 23. Rac1 Bg4 24. Nd2 Rg8 25. Nc4 Nf8 26. Qc3 f6 27. Nd6 N8e6 28. Bc4 Rgf8 29. f3 Bh5 30. Rcd1 Bg6 31. Bxe6 Nxe6 32. Bxe5 fxe5 33. Qxe5+ Rf6 34. Nf5+ Bxf5 35. Qxc7+ Nxc7 36. Rxd8 Be6 37. Rb8 Bb3 38. Rxb7 Rf7 39. Ra1 Ne6 40. Rxf7+ Kxf7 41. Kf2 Nf4 42. a5 Ke6 43. g3 Nd3+ 44. Ke3 Ne5 45. Rb1 Bc2 46. Rc1 Ba4 47. h3 Bb5 48. f4 gxf4+ 49. gxf4 Nc4+ 50. Kd4 Nd2 51. Rd1 Nf1 52. Kc3 h5 53. Rd6+ Kf7 54. Kd4 Ng3 55. Ke5 Ba4 56. Rd3 h4 57. Rd7+ Ke8 58. Rh7 Bc2 59. Rxh4 Nxe4 60. Rh8+ Kf7 61. Rc8 Nd2 62. Rxc6 Ke7 63. Rc7+ Kd8 64. Ra7 Bd3 65. f5 Nf3+ 66. Kd6 Ke8 67. c6 Nd4 68. Re7+ Kf8 69. Rb7 Be4 70. Ke5 Bxc6 71. Rb8+ 1-0

[Event "Pardubice op rapid 28th"]
[Site "Pardubice"]
[Date "2017.07.20"]
[Round "4"]
[White "Timagin, Piotr"]
[Black "Dvoirys, Semen I"]
[Result "0-1"]
[WhiteElo "2322"]
[BlackElo "2552"]
[PlyCount "128"]
[EventDate "2017.07.19"]
[EventType "swiss (rapid)"]
[EventRounds "9"]
[EventCountry "CZE"]
[SourceTitle "CBM 179 Extra"]
[Source "ChessBase"]
[SourceDate "2017.08.23"]
[SourceVersion "1"]
[SourceVersionDate "2017.08.23"]
[SourceQuality "1"]

1. g3 c5 2. Bg2 Nc6 3. c4 g6 4. Nc3 Bg7 5. d3 Nf6 6. e3 d6 7. Nge2 Bd7 8. a3 0-0 9. 0-0 Qc8 10. Re1 Bh3 11. Bh1 e5 12. Nd5 Nxd5 13. cxd5 Nb8 14. Nc3 Nd7 15. Ne4 Nb6 16. Qf3 Qd8 17. Nxd6 Qxd6 18. g4 Bxg4 19. Qxg4 Nxd5 20. Qf3 Rad8 21. Bd2 b6 22. Rad1 f5 23. Bc1 Qe7 24. Kf1 Nf6 25. Qg3 e4 26. d4 cxd4 27. exd4 Nd5 28. Bg5 Bf6 29. Bxf6 Qxf6 30. Qb3 Kh8 31. Re2 Nf4 32. Red2 Nd3 33. Rxd3 exd3 34. Qxd3 Rd6 35. d5 Qxb2 36. h4 Re8 37. Bf3 Kg7 38. Kg2 Qf6 39. Qc4 Re7 40. Rc1 Qe5 41. Rd1 Rd8 42. Rd3 Rc7 43. Qb4 f4 44. Rd4 Rf7 45. Re4 Qf6 46. Re6 Qxh4 47. Qd4+ Kg8 48. d6 Qg5+ 49. Kf1 Qc5 50. Qb2 Qc4+ 51. Re2 Rxd6 52. Kg2 Rd8 53. Qe5 Qd4 54. Qe6 Qd6 55. Qc4 Kg7 56. Re6 Qd4 57. Qb5 Rf5 58. Qb3 Rg5+ 59. Kf1 Qa1+ 60. Re1 Rg1+ 61. Kxg1 Qxe1+ 62. Kg2 Rd2 63. Qc3+ Kh6 64. Qf6 Qxf2+ 0-1

[Event "Pardubice op rapid 28th"]
[Site "Pardubice"]
[Date "2017.07.19"]
[Round "3"]
[White "Tilicheev, Viacheslav"]
[Black "Timagin, Piotr"]
[Result "0-1"]
[WhiteElo "2497"]
[BlackElo "2322"]
[PlyCount "192"]
[EventDate "2017.07.19"]
[EventType "swiss (rapid)"]
[EventRounds "9"]
[EventCountry "CZE"]
[SourceTitle "CBM 179 Extra"]
[Source "ChessBase"]
[SourceDate "2017.08.23"]
[SourceVersion "1"]
[SourceVersionDate "2017.08.23"]
[SourceQuality "1"]

1. e4 g6 2. d4 Bg7 3. Be3 c6 4. Nc3 d5 5. Qf3 dxe4 6. Nxe4 Nf6 7. Bc4 0-0 8. Nxf6+ Bxf6 9. h4 Qa5+ 10. c3 Qf5 11. Qe2 e5 12. Nf3 Nd7 13. 0-0-0 h5 14. Rhe1 Nb6 15. dxe5 Nxc4 16. Qxc4 Bg7 17. Qf4 Qe6 18. Kb1 Re8 19. Ng5 Qf5+ 20. Ka1 Bxe5 21. Qc4 Be6 22. Nxe6 Rxe6 23. Rd7 b5 24. Qc5 a5 25. Red1 Qe4 26. Rd8+ Re8 27. Rxa8 Rxa8 28. f3 Qc2 29. Rc1 Qf5 30. Qxc6 Rb8 31. Ba7 Qf4 32. Rb1 Rd8 33. Qxb5 a4 34. a3 Rd2 35. Qe8+ Kg7 36. Bc5 Kh7 37. g3 Qf5 38. g4 Qf6 39. Qxa4 Bxc3 40. Qb3 Be5 41. gxh5 gxh5 42. f4 Qxf4 43. Be3 Qf3 44. Qb6 Rd6 45. Qc5 Rd5 46. Qc2+ f5 47. Rg1 Bg7 48. Qb3 Qe4 49. Bc1 Rd3 50. Qa2 Qa4 51. Kb1 Rb3 52. Rf1 Qe4+ 53. Ka1 Qd3 54. Rg1 f4 55. Rxg7+ Kxg7 56. Bxf4 Qf1+ 57. Qb1 Qxf4 58. Qg1+ Rg3 59. Qa7+ Kg6 60. Qb6+ Kf5 61. Qb5+ Kg4 62. a4 Qd4 63. Qe2+ Kxh4 64. Qh2+ Kg4 65. Qe2+ Kf4 66. Qf1+ Rf3 67. Qc1+ Kf5 68. Qc2+ Ke5 69. Qe2+ Kf4 70. Qh2+ Ke3 71. Qg1+ Ke4 72. Qe1+ Kf4 73. Qh4+ Ke3 74. Qe1+ Kd3 75. Qd1+ Ke4 76. Qe2+ Qe3 77. Qc4+ Kf5 78. Qd5+ Kg4 79. a5 Rf2 80. Qd1+ Qe2 81. Qd4+ Kg3 82. Qc3+ Kg2 83. Qc6+ Kg1 84. Qg6+ Kf1 85. Qb6 Qd1+ 86. Ka2 Qa4+ 87. Kb1 Qe4+ 88. Ka1 Rc2 89. Qb5+ Ke1 90. Qg5 Rc4 91. Qg1+ Ke2 92. Qh2+ Kd3 93. Qg3+ Kd2 94. Qh2+ Qe2 95. Qd6+ Kc1 96. Qa3 Ra4 0-1

[Event "Chigorin Memorial 09th"]
[Site "St Petersburg"]
[Date "2001.10.27"]
[Round "2"]
[White "Burmakin, Vladimir"]
[Black "Timagin, Piotr"]
[Result "1-0"]
[WhiteElo "2586"]
[BlackElo "2297"]
[PlyCount "101"]
[EventDate "2001.10.26"]
[EventType "swiss"]
[EventRounds "9"]
[EventCountry "RUS"]
[SourceTitle "EXT 2002"]
[Source "ChessBase"]
[SourceDate "2001.11.25"]
[SourceVersion "1"]
[SourceVersionDate "2001.11.25"]
[SourceQuality "1"]

1. d4 Nf6 2. Nf3 g6 3. c4 Bg7 4. g3 0-0 5. Bg2 d6 6. Nc3 Nc6 7. 0-0 Bf5 8. d5 Na5 9. Nd4 Bd7 10. b3 c5 11. Nc2 a6 12. Qd3 Rb8 13. Rb1 b5 14. Bd2 e6 15. dxe6 Bxe6 16. Ne3 Qd7 17. Ne4 Nc6 18. Nxf6+ Bxf6 19. Nd5 Bg7 20. Bc3 Bxc3 21. Qxc3 Bxd5 22. Bxd5 Nd4 23. Qd3 Qf5 24. Be4 Qe5 25. Rfe1 Rfe8 26. f3 bxc4 27. bxc4 f5 28. Bd5+ Kg7 29. e3 Ne6 30. f4 Qf6 31. Bc6 Red8 32. Bb7 Nc7 33. Rb6 Na8 34. Rb3 Nc7 35. Reb1 a5 36. Rb6 Qe7 37. Kf2 Kh6 38. Qd2 Ne8 39. Qxa5 Nf6 40. Bc6 Ra8 41. Bxa8 Ng4+ 42. Kg2 d5 43. R6b3 Qe4+ 44. Kg1 Qf3 45. R1b2 Qd1+ 46. Kg2 dxc4 47. Bf3 Qa1 48. Qxd8 cxb3 49. Qf8+ Kh5 50. Bxg4+ fxg4 51. Qxc5+ 1-0

[Event "Chigorin Memorial 09th"]
[Site "St Petersburg"]
[Date "2001.10.01"]
[Round "7"]
[White "Timagin, Piotr"]
[Black "Matjushin, Gennady"]
[Result "1/2-1/2"]
[WhiteElo "2297"]
[BlackElo "2372"]
[PlyCount "29"]
[EventDate "2001.10.26"]
[EventType "swiss"]
[EventRounds "9"]
[EventCountry "RUS"]
[SourceTitle "EXT 2002"]
[Source "ChessBase"]
[SourceDate "2001.11.25"]
[SourceVersion "1"]
[SourceVersionDate "2001.11.25"]
[SourceQuality "1"]

1. e4 d6 2. d4 Nf6 3. Nc3 e5 4. Nf3 exd4 5. Nxd4 Be7 6. g3 Bg4 7. f3 Bd7 8. Be3 0-0 9. Qd2 Nc6 10. 0-0-0 Nxd4 11. Bxd4 Bc6 12. Bc4 Nd7 13. Nd5 Ne5 14. Nxe7+ Qxe7 15. Bxe5 1/2-1/2

[Event "Urals-ch"]
[Site "Orsk"]
[Date "2001.??.??"]
[Round "6"]
[White "Kurnosov, Igor"]
[Black "Timagin, Piotr"]
[Result "1-0"]
[WhiteElo "2375"]
[BlackElo "2283"]
[PlyCount "74"]
[EventDate "2001.??.??"]
[EventType "swiss"]
[EventRounds "9"]
[EventCountry "RUS"]
[SourceTitle "EXT 2002"]
[Source "ChessBase"]
[SourceDate "2001.11.25"]
[SourceVersion "1"]
[SourceVersionDate "2001.11.25"]
[SourceQuality "1"]

1. e4 c6 2. d4 d5 3. e5 c5 4. dxc5 e6 5. Be3 Nd7 6. Bb5 Qc7 7. Nf3 Ne7 8. b4 Ng6 9. 0-0 Be7 10. c4 dxc4 11. Na3 0-0 12. Nxc4 Rd8 13. Qe2 a6 14. Ba4 Ndf8 15. Rac1 Bd7 16. c6 bxc6 17. Bb6 Qb7 18. Bxd8 Rxd8 19. a3 c5 20. Na5 Qb6 21. Bxd7 Rxd7 22. Nc4 Qb5 23. bxc5 Bxc5 24. Rb1 Qc6 25. g3 Ne7 26. Rfc1 Nf5 27. Nb2 Rb7 28. a4 a5 29. Nd3 Rxb1 30. Rxb1 Ba7 31. Rb5 Qc3 32. Rb7 Bd4 33. g4 Nh6 34. Qe4 Bc5 35. Nxc5 Qxc5 36. Kg2 Qc1 37. h3 g5 1-0

[Event "Urals-ch"]
[Site "Orsk"]
[Date "2001.??.??"]
[Round "2"]
[White "Looshnikov, Nikolai"]
[Black "Timagin, Piotr"]
[Result "1-0"]
[WhiteElo "2409"]
[BlackElo "2283"]
[PlyCount "89"]
[EventDate "2001.??.??"]
[EventType "swiss"]
[EventRounds "9"]
[EventCountry "RUS"]
[SourceTitle "EXT 2002"]
[Source "ChessBase"]
[SourceDate "2001.11.25"]
[SourceVersion "1"]
[SourceVersionDate "2001.11.25"]
[SourceQuality "1"]

1. e4 c5 2. Nf3 d6 3. c3 Nf6 4. Be2 g6 5. 0-0 Bg7 6. Re1 0-0 7. Bf1 Nbd7 8. d4 b6 9. e5 Ne8 10. Bg5 d5 11. c4 h6 12. Bh4 Bb7 13. cxd5 g5 14. Bg3 Bxd5 15. Nc3 Bxf3 16. Qxf3 cxd4 17. Nb5 Nc5 18. Rad1 Nc7 19. Nxd4 Qd5 20. Qh5 e6 21. b4 Ne4 22. Nf5 exf5 23. Rxd5 Nxd5 24. Qf3 Ne7 25. Bd3 Rfd8 26. Bxe4 fxe4 27. Qxe4 Rac8 28. h4 Rc6 29. b5 Re6 30. hxg5 hxg5 31. Qg4 Rd5 32. Qxg5 Rxb5 33. f4 f5 34. Qh5 Rb2 35. Bh4 Ng6 36. Qxf5 Rxg2+ 37. Kf1 Rc6 38. Bg5 Rh2 39. Qe4 Rcc2 40. a4 Kf7 41. f5 Nxe5 42. f6 Kg8 43. Qd5+ Nf7 44. Re7 Rcf2+ 45. Ke1 1-0

[Event "Urals-ch"]
[Site "Orsk"]
[Date "2001.??.??"]
[Round "5"]
[White "Timagin, Piotr"]
[Black "Sazonova, Elena"]
[Result "1-0"]
[WhiteElo "2283"]
[BlackElo "2214"]
[PlyCount "61"]
[EventDate "2001.??.??"]
[EventType "swiss"]
[EventRounds "9"]
[EventCountry "RUS"]
[SourceTitle "EXT 2002"]
[Source "ChessBase"]
[SourceDate "2001.11.25"]
[SourceVersion "1"]
[SourceVersionDate "2001.11.25"]
[SourceQuality "1"]

1. e4 c5 2. Nc3 Nc6 3. Bb5 Nd4 4. Bc4 e6 5. Nge2 a6 6. Nxd4 cxd4 7. Ne2 b5 8. Bb3 Qb6 9. 0-0 Ne7 10. d3 Nc6 11. f4 Be7 12. f5 Na5 13. Nf4 Nxb3 14. axb3 Bb7 15. Nh5 g6 16. Ng7+ Kd8 17. Bd2 b4 18. fxe6 fxe6 19. Rf7 Qc5 20. Qg4 Kc8 21. h4 h5 22. Qxg6 Bxh4 23. Nxe6 Qd6 24. Nf8 Be7 25. Qxd6 Bxd6 26. Nxd7 Bc7 27. Bxb4 a5 28. Bd2 Ra6 29. Nc5 Rc6 30. Nxb7 Kxb7 31. Bf4 1-0